000 00935nam a22003017a 4500
003 DO-SdBPM
005 20260514105705.0
007 ta
008 161031b2006 xx a 00| 0 spa d
020 _a0765276461
040 _aDO-SdBPM
_bspa
_cBPMSU
_erda
082 0 4 _a307.76
_bC649m 2006
_222
100 1 _aClyne, Margaret
_eautora
_4aut.
245 1 0 _aMirando ciudades /
_cMargaret Clyne, Rachel Griffiths
260 _a
_b
264 _aEstados Unidos :
_bCelebration Press,
_bPearson Learning Group ,
_c2006.
300 _a8 páginas :
_bilustración ;
_c25 cm.
336 _atexto
_btxt
_2rdacontent
337 _asin mediación
_bn
_2rdamedia
338 _avolumen
_bnc
_2rdacarrier
490 0 _aiOpeners
590 _aInventariado, 2026/VM
650 7 _aDesarrollo urbano
650 7 _aSociología urbana
700 1 _aGriffiths, Rachel
_eautora
910 _aVMateo V. Control de calidad. BPMSU
942 _2ddc
_cBK
999 _c12608
_d12608